[Event "Benidorm 2014 - Nuevas Generaciones s16"]
[Site "Benidorm ESP"]
[Date "2014.12.05"]
[Round "1.1"]
[White "Garriga Cazorla, Pere"]
[Black "Rodriguez Bou, Pedro"]
[Result "1-0"]
[WhiteElo "2383"]
[BlackElo "1377"]
[PlyCount "51"]
[EventDate "2014.12.05"]
[EventType "swiss"]
[EventRounds "6"]
[EventCountry "ESP"]
[SourceTitle "AjedrezenMadrid"]
[Source "lmi"]
[SourceDate "2014.12.05"]

1. Nf3 c5 2. c4 Nc6 3. d4 cxd4 4. Nxd4 Nf6 5. Nc3 d6 6. g3 Bd7 7. Bg2 g6 8. O-O
Bg7 9. Nc2 O-O 10. h3 h6 11. b3 a6 12. Bb2 Rb8 13. a4 Qa5 14. Rb1 Qh5 15. e4
Qxd1 16. Rfxd1 Na5 17. Ba1 Ne8 18. Nd5 Bxa1 19. Nxe7+ Kg7 20. Nxa1 Be6 21. Nd5
b5 22. cxb5 axb5 23. b4 Nc6 24. a5 f5 25. Nf4 Bc4 26. exf5 1-0

[Event "Benidorm 2014 - Nuevas Generaciones s16"]
[Site "Benidorm ESP"]
[Date "2014.12.05"]
[Round "1.2"]
[White "Molina Lopez, Miguel Angel"]
[Black "Dominguez Fernandez, Angel I"]
[Result "0-1"]
[WhiteElo "1360"]
[BlackElo "1944"]
[PlyCount "64"]
[EventDate "2014.12.05"]
[EventType "swiss"]
[EventRounds "6"]
[EventCountry "ESP"]
[SourceTitle "AjedrezenMadrid"]
[Source "lmi"]
[SourceDate "2014.12.05"]

1. e4 c5 2. Nf3 a6 3. c3 e6 4. Bc4 b5 5. Bb3 Bb7 6. Bc2 d5 7. Qe2 Nf6 8. d3 Be7
9. e5 Nfd7 10. d4 Nc6 11. O-O cxd4 12. cxd4 Qb6 13. Be3 b4 14. Nbd2 a5 15. a3
h6 16. a4 g5 17. Nb3 Qa7 18. Nfd2 Bd8 19. Rfd1 Bb6 20. Nf1 O-O-O 21. Rac1 Kb8
22. Qb5 Ka8 23. Nc5 Bxc5 24. dxc5 Ndxe5 25. f4 gxf4 26. Bxf4 Ba6 27. Qb6 Qxb6
28. cxb6 Kb7 29. Be3 Nc4 30. Bd3 N6e5 31. Bxc4 Nxc4 32. Bd4 e5 0-1

[Event "Benidorm 2014 - Nuevas Generaciones s16"]
[Site "Benidorm ESP"]
[Date "2014.12.05"]
[Round "1.3"]
[White "Gimeno Simo, Sergio"]
[Black "Catala Ulied, Bernat"]
[Result "1-0"]
[WhiteElo "1730"]
[BlackElo "1351"]
[PlyCount "127"]
[EventDate "2014.12.05"]
[EventType "swiss"]
[EventRounds "6"]
[EventCountry "ESP"]
[SourceTitle "AjedrezenMadrid"]
[Source "lmi"]
[SourceDate "2014.12.05"]

1. e4 c5 2. Nc3 Nc6 3. g3 g6 4. Bg2 Bg7 5. d3 e6 6. f4 Nge7 7. Nf3 O-O 8. O-O
d5 9. e5 Nf5 10. Ne2 b5 11. c3 c4 12. d4 Rb8 13. g4 Nfe7 14. Ng3 b4 15. h4 Bd7
16. h5 bxc3 17. bxc3 Qa5 18. Qe1 a6 19. hxg6 fxg6 20. Ne2 Rb5 21. Qh4 Qb6 22.
Ng5 h6 23. Nf3 Rb1 24. Rxb1 Qxb1 25. Ba3 g5 26. Rxb1 gxh4 27. Nxh4 Rf7 28. Bh3
Kh7 29. Rb7 Ng6 30. Nxg6 Kxg6 31. f5+ exf5 32. gxf5+ Kg5 33. e6 Bxe6 34. Rb6
Bd7 35. Rxa6 Bf8 36. Bc1+ Kh4 37. Kh2 Bd6+ 38. Bf4 Re7 39. Bxd6 Rxe2+ 40. Bg2
Nd8 41. Ra7 Bxf5 42. Be7+ Kh5 43. Bxd8 Be4 44. Rg7 Rxa2 45. Kh3 Bxg2+ 46. Rxg2
Rxg2 47. Kxg2 Kg4 48. Kf2 h5 49. Ke3 Kg3 50. Be7 Kg4 51. Bd6 h4 52. Be5 h3 53.
Bh2 Kg5 54. Kf3 Kf5 55. Bf4 Kf6 56. Kg4 Kg6 57. Be5 Kh6 58. Kxh3 Kg5 59. Kg3
Kf5 60. Kf3 Kg5 61. Bc7 Kf5 62. Bf4 Kf6 63. Kg4 Ke6 64. Kg5 1-0

[Event "Benidorm 2014 - Nuevas Generaciones s16"]
[Site "Benidorm ESP"]
[Date "2014.12.05"]
[Round "1.4"]
[White "Diaz Herrero, Ane Miren"]
[Black "Guerrero Mendez, Luis"]
[Result "0-1"]
[WhiteElo "1338"]
[BlackElo "1648"]
[PlyCount "50"]
[EventDate "2014.12.05"]
[EventType "swiss"]
[EventRounds "6"]
[EventCountry "ESP"]
[SourceTitle "AjedrezenMadrid"]
[Source "lmi"]
[SourceDate "2014.12.05"]

1. d4 e6 2. Nf3 Nf6 3. Bf4 c5 4. c3 Nc6 5. e3 Be7 6. dxc5 a5 7. Bd6 Ne4 8. Bxe7
Qxe7 9. Nd4 Nxc5 10. Qg4 O-O 11. Nd2 Ne5 12. Qe2 Ned3+ 13. Kd1 Nxb2+ 14. Kc2
Nba4 15. N4b3 d5 16. Nxc5 Qxc5 17. Qd3 Bd7 18. Qd4 Rfc8 19. Qxc5 Rxc5 20. Rb1
Rxc3+ 21. Kd1 b6 22. Bb5 Bxb5 23. Rxb5 Ra3 24. Ke2 Nc3+ 25. Ke1 Nxb5 0-1

[Event "Benidorm 2014 - Nuevas Generaciones s16"]
[Site "Benidorm ESP"]
[Date "2014.12.06"]
[Round "2.1"]
[White "Guerrero Mendez, Luis"]
[Black "Garriga Cazorla, Pere"]
[Result "0-1"]
[WhiteElo "1648"]
[BlackElo "2383"]
[PlyCount "56"]
[EventDate "2014.12.05"]
[EventType "swiss"]
[EventRounds "6"]
[EventCountry "ESP"]
[SourceTitle "AjedrezenMadrid"]
[Source "lmi"]
[SourceDate "2014.12.05"]

1. f4 Nf6 2. b3 g6 3. Bb2 Bg7 4. Nf3 O-O 5. g3 d6 6. Bg2 e5 7. fxe5 Ng4 8. O-O
Nc6 9. e3 dxe5 10. h3 Nh6 11. Nh2 Be6 12. Nc3 Qd7 13. h4 f5 14. Ne2 Rad8 15.
Bxc6 Qxc6 16. Nf3 Nf7 17. d4 Bd5 18. Ne1 exd4 19. exd4 Be4 20. c4 Qd6 21. Qc1
Bh6 22. Qc3 Rfe8 23. Nf4 Bg7 24. Nf3 c5 25. Rad1 cxd4 26. Nxd4 Ne5 27. Qc1 Nd3
28. Nb5 Qc5+ 0-1

[Event "Benidorm 2014 - Nuevas Generaciones s16"]
[Site "Benidorm ESP"]
[Date "2014.12.06"]
[Round "2.2"]
[White "Dominguez Fernandez, Angel I"]
[Black "Perez Garcia, Adria"]
[Result "1-0"]
[WhiteElo "1944"]
[BlackElo "1624"]
[PlyCount "67"]
[EventDate "2014.12.05"]
[EventType "swiss"]
[EventRounds "6"]
[EventCountry "ESP"]
[SourceTitle "AjedrezenMadrid"]
[Source "lmi"]
[SourceDate "2014.12.05"]

1. e4 c6 2. d4 d5 3. e5 c5 4. dxc5 Nc6 5. Nf3 Bg4 6. Bb5 e6 7. c3 Bxf3 8. Qxf3
Bxc5 9. O-O Nge7 10. Re1 O-O 11. Bd3 Ng6 12. Qh3 Qh4 13. Qxh4 Nxh4 14. b4 Bb6
15. Kf1 Rac8 16. Na3 f6 17. exf6 Rxf6 18. Re2 Rcf8 19. f4 e5 20. g3 Nf3 21. Kg2
e4 22. Bxe4 dxe4 23. Rxe4 Nfe5 24. fxe5 Rf2+ 25. Kh3 R8f5 26. Nc4 Bd8 27. Be3
Re2 28. b5 Na5 29. Nd6 Rh5+ 30. Kg4 Rhxh2 31. e6 Be7 32. Nf5 Kf8 33. Kf3 b6 34.
Nxe7 1-0

[Event "Benidorm 2014 - Nuevas Generaciones s16"]
[Site "Benidorm ESP"]
[Date "2014.12.06"]
[Round "2.4"]
[White "Llados Clos, Jaume"]
[Black "Torrents Senal, Marc"]
[Result "1/2-1/2"]
[WhiteElo "1619"]
[BlackElo "1819"]
[PlyCount "76"]
[EventDate "2014.12.05"]
[EventType "swiss"]
[EventRounds "6"]
[EventCountry "ESP"]
[SourceTitle "AjedrezenMadrid"]
[Source "lmi"]
[SourceDate "2014.12.05"]

1. e4 d5 2. exd5 Qxd5 3. Nc3 Qa5 4. Bc4 Nf6 5. d4 c6 6. Nf3 Bg4 7. O-O e6 8.
Re1 Bb4 9. Bd2 O-O 10. a3 Bxc3 11. Bxc3 Qc7 12. Qd3 Bxf3 13. Qxf3 Rd8 14. Re5
h6 15. Qg3 Nbd7 16. Re3 Qxg3 17. Rxg3 Ne4 18. Re3 Nxc3 19. Rxc3 Nb6 20. Rd1 e5
21. d5 cxd5 22. Bb3 Rd7 23. Rc5 Rad8 24. a4 Kf8 25. Kf1 Rc8 26. Rxc8+ Nxc8 27.
Rxd5 Rxd5 28. Bxd5 Nd6 29. Ke2 Ke7 30. Ke3 b6 31. c3 f5 32. f3 g5 33. b4 Ne8
34. Kd3 Kd6 35. Bb7 Nf6 36. c4 f4 37. Be4 g4 38. Bf5 gxf3 1/2-1/2

[Event "Benidorm 2014 - Nuevas Generaciones s16"]
[Site "Benidorm ESP"]
[Date "2014.12.06"]
[Round "2.5"]
[White "Rodriguez Bou, Pedro"]
[Black "Diaz Herrero, Ane Miren"]
[Result "1-0"]
[WhiteElo "1377"]
[BlackElo "1338"]
[PlyCount "55"]
[EventDate "2014.12.05"]
[EventType "swiss"]
[EventRounds "6"]
[EventCountry "ESP"]
[SourceTitle "AjedrezenMadrid"]
[Source "lmi"]
[SourceDate "2014.12.05"]

1. d4 d5 2. Nf3 Nf6 3. e3 e6 4. c4 c6 5. c5 b6 6. b4 Be7 7. Bd3 O-O 8. O-O bxc5
9. bxc5 Ba6 10. Bxa6 Nxa6 11. Qa4 Qc8 12. Nbd2 Nd7 13. Bb2 Rb8 14. Bc3 Bf6 15.
Rab1 Rxb1 16. Rxb1 Re8 17. e4 e5 18. exd5 cxd5 19. dxe5 Nxe5 20. Bxe5 Bxe5 21.
Nxe5 Rxe5 22. Qxa6 Qe8 23. Qxa7 Re1+ 24. Rxe1 Qxe1+ 25. Nf1 Qe8 26. c6 Qc8 27.
c7 h6 28. Qb8 1-0

[Event "Benidorm 2014 - Nuevas Generaciones s16"]
[Site "Benidorm ESP"]
[Date "2014.12.06"]
[Round "2.6"]
[White "Catala Ulied, Bernat"]
[Black "Molina Lopez, Miguel Angel"]
[Result "1-0"]
[WhiteElo "1351"]
[BlackElo "1360"]
[PlyCount "90"]
[EventDate "2014.12.05"]
[EventType "swiss"]
[EventRounds "6"]
[EventCountry "ESP"]
[SourceTitle "AjedrezenMadrid"]
[Source "lmi"]
[SourceDate "2014.12.05"]

1. c4 e5 2. g3 f5 3. Bg2 c6 4. Nc3 Nf6 5. e3 g6 6. Nge2 Bg7 7. O-O d6 8. d4 O-O
9. b4 Be6 10. c5 e4 11. h4 Bc4 12. Re1 d5 13. Nf4 Qe8 14. a4 h6 15. b5 g5 16.
bxc6 Nxc6 17. hxg5 hxg5 18. Nh3 Bh6 19. Rb1 Na5 20. Nb5 Qd7 21. Ba3 Bxb5 22.
Rxb5 Nc6 23. Qb3 Rab8 24. Rb1 Rf7 25. Bf1 Ne8 26. a5 a6 27. Rb6 Qc8 28. Qxd5
Nc7 29. Qd6 Kg7 30. d5 Ne8 31. Bb2+ Kh7 32. Qe6 Qxe6 33. dxe6 Re7 34. Bc4 Ng7
35. Bxg7 Kxg7 36. Bxa6 Nxa5 37. Be2 Ree8 38. g4 Kf6 39. gxf5 Kxf5 40. R1b5 Nc6
41. Bc4 Nd8 42. Kg2 Nxe6 43. Bxe6+ Rxe6 44. Rxe6 Kxe6 45. Rb6+ Kd5 1-0

[Event "Benidorm 2014 - Nuevas Generaciones s16"]
[Site "Benidorm ESP"]
[Date "2014.12.06"]
[Round "3.1"]
[White "Garriga Cazorla, Pere"]
[Black "Dominguez Fernandez, Angel I"]
[Result "1-0"]
[WhiteElo "2383"]
[BlackElo "1944"]
[PlyCount "67"]
[EventDate "2014.12.05"]
[EventType "swiss"]
[EventRounds "6"]
[EventCountry "ESP"]
[SourceTitle "AjedrezenMadrid"]
[Source "lmi"]
[SourceDate "2014.12.05"]

1. d4 d6 2. Nf3 Nf6 3. g3 g6 4. Bg2 Bg7 5. O-O O-O 6. a4 c5 7. d5 e5 8. dxe6
Bxe6 9. Ng5 d5 10. Nxe6 fxe6 11. c4 Nc6 12. cxd5 exd5 13. Bg5 Nb4 14. Nc3 d4
15. Ne4 Qb6 16. a5 Qc7 17. Bf4 Qc8 18. Nd6 Qe6 19. Nxb7 Na6 20. Rc1 Nd7 21. Bd6
Rac8 22. Bxf8 Kxf8 23. Qd2 Kg8 24. Qf4 Be5 25. Qf3 Nb4 26. Qe4 Nf6 27. Nxc5 Qd6
28. Qb7 Rxc5 29. Qxb4 Rxc1 30. Qb3+ Rc4 31. Qxc4+ Kg7 32. f4 Bxf4 33. Rxf4 Qe7
34. Qxd4 1-0

[Event "Benidorm 2014 - Nuevas Generaciones s16"]
[Site "Benidorm ESP"]
[Date "2014.12.06"]
[Round "3.2"]
[White "Gimeno Simo, Sergio"]
[Black "Guerrero Mendez, Luis"]
[Result "0-1"]
[WhiteElo "1730"]
[BlackElo "1648"]
[PlyCount "96"]
[EventDate "2014.12.05"]
[EventType "swiss"]
[EventRounds "6"]
[EventCountry "ESP"]
[SourceTitle "AjedrezenMadrid"]
[Source "lmi"]
[SourceDate "2014.12.05"]

1. e4 e6 2. Nf3 d5 3. exd5 exd5 4. d4 Bd6 5. Bd3 Ne7 6. O-O O-O 7. c3 Bf5 8.
Be3 Bxd3 9. Qxd3 Nd7 10. Nbd2 c6 11. Rfe1 f5 12. Bg5 Nf6 13. Re2 Ne4 14. Rae1
Qc7 15. Nf1 Ng6 16. Bc1 Nf4 17. Bxf4 Bxf4 18. h3 Qd7 19. N3d2 Rae8 20. Nf3 g5
21. N3d2 h6 22. a3 Qf7 23. g4 fxg4 24. hxg4 Nxf2 25. Qf3 Rxe2 26. Rxe2 Bxd2 27.
Qxf7+ Rxf7 28. Nxd2 Nxg4 29. Nb3 Nf6 30. Re6 Kg7 31. Nc5 g4 32. Nd3 Nd7 33. Kg2
h5 34. b3 Nf8 35. Re8 Ng6 36. Nc5 h4 37. Ne6+ Kf6 38. Nc5 Nf4+ 39. Kg1 b6 40.
Na6 Ng6 41. Nb8 Re7 42. Rd8 g3 43. Rd6+ Kg7 44. Nxc6 Re1+ 45. Kg2 Nf4+ 46. Kf3
Rf1+ 47. Kg4 g2 48. Rd7+ Kf6 0-1

[Event "Benidorm 2014 - Nuevas Generaciones s16"]
[Site "Benidorm ESP"]
[Date "2014.12.06"]
[Round "3.3"]
[White "Torrents Senal, Marc"]
[Black "Catala Ulied, Bernat"]
[Result "1-0"]
[WhiteElo "1819"]
[BlackElo "1351"]
[PlyCount "55"]
[EventDate "2014.12.05"]
[EventType "swiss"]
[EventRounds "6"]
[EventCountry "ESP"]
[SourceTitle "AjedrezenMadrid"]
[Source "lmi"]
[SourceDate "2014.12.05"]

1. d4 Nf6 2. c4 g6 3. Nc3 Bg7 4. e4 d6 5. f4 O-O 6. Nf3 c5 7. d5 e6 8. Be2 exd5
9. exd5 Bf5 10. O-O Re8 11. Bd3 Qd7 12. Bxf5 Qxf5 13. h3 Na6 14. Nb5 Qd7 15.
Bd2 Nxd5 16. Qb3 Ndc7 17. Nxc7 Nxc7 18. Bc3 Bxc3 19. Qxc3 d5 20. Ne5 Qd6 21.
cxd5 Qxd5 22. Rad1 Qxa2 23. Ng4 Re6 24. Nh6+ Kf8 25. Qh8+ Ke7 26. Ng8+ Kf8 27.
Nf6+ Ke7 28. Rd7# 1-0

[Event "Benidorm 2014 - Nuevas Generaciones s16"]
[Site "Benidorm ESP"]
[Date "2014.12.07"]
[Round "4.1"]
[White "Torrents Senal, Marc"]
[Black "Garriga Cazorla, Pere"]
[Result "0-1"]
[WhiteElo "1819"]
[BlackElo "2383"]
[PlyCount "86"]
[EventDate "2014.12.05"]
[EventType "swiss"]
[EventRounds "6"]
[EventCountry "ESP"]
[SourceTitle "AjedrezenMadrid"]
[Source "lmi"]
[SourceDate "2014.12.05"]

1. d4 Nf6 2. c4 c5 3. d5 e6 4. Nc3 exd5 5. cxd5 d6 6. e4 g6 7. Nf3 Bg7 8. Bd3
O-O 9. O-O Bg4 10. h3 Bxf3 11. Qxf3 Nbd7 12. Bf4 Qe7 13. Qg3 Ne5 14. Bxe5 dxe5
15. Rfd1 Rfc8 16. b3 Ne8 17. Qe3 Bf6 18. a4 Bg5 19. Qe2 Qf8 20. g4 Bd8 21. Rdc1
a6 22. Kg2 Ba5 23. Nd1 h5 24. gxh5 Nf6 25. hxg6 fxg6 26. Nb2 Nh5 27. Qg4 Nf4+
28. Kg3 Qe7 29. Bf1 Kg7 30. Nd3 Nh5+ 31. Kg2 Rf8 32. Rc2 Nf4+ 33. Nxf4 Rxf4 34.
Qe2 Raf8 35. Qe3 Bb6 36. b4 Rf3 37. Qxf3 Rxf3 38. Kxf3 Qh4 39. Re1 cxb4 40. Kg2
b3 41. Rce2 Bd4 42. Rb1 b2 43. f3 Qg5+ 0-1

[Event "Benidorm 2014 - Nuevas Generaciones s16"]
[Site "Benidorm ESP"]
[Date "2014.12.07"]
[Round "4.2"]
[White "Dominguez Fernandez, Angel I"]
[Black "Gimeno Simo, Sergio"]
[Result "0-1"]
[WhiteElo "1944"]
[BlackElo "1730"]
[PlyCount "92"]
[EventDate "2014.12.05"]
[EventType "swiss"]
[EventRounds "6"]
[EventCountry "ESP"]
[SourceTitle "AjedrezenMadrid"]
[Source "lmi"]
[SourceDate "2014.12.05"]

1. e4 Nf6 2. e5 Nd5 3. c4 Nb6 4. d4 d6 5. exd6 exd6 6. Bd3 Nc6 7. Ne2 Be7 8.
Nbc3 O-O 9. O-O Bf6 10. Be3 Bg4 11. f3 Bh5 12. b3 a5 13. Rc1 a4 14. Bb1 Re8 15.
Bf4 d5 16. c5 Nc8 17. Nxa4 Bg6 18. Bxg6 hxg6 19. Nac3 N8e7 20. g4 g5 21. Bg3
Ng6 22. a4 Qd7 23. Nb5 Rac8 24. Qd2 Nf8 25. Kf2 Re7 26. Rh1 Rce8 27. Rce1 Ne6
28. h4 gxh4 29. Bxh4 Bxh4+ 30. Rxh4 Nf8 31. Rh2 Re3 32. Kg3 Ng6 33. Reh1 R8e4
34. Nf4 f6 35. Rh8+ Kf7 36. Nc3 Rxc3 37. Qxc3 Rxf4 38. R8h5 Nxd4 39. Kg2 Nxf3
40. Rf5 Rxg4+ 41. Kxf3 Qxf5+ 42. Ke2 Rg2+ 43. Kd1 Qb1+ 44. Qc1 Qxb3+ 45. Ke1
Qg3+ 46. Kd1 Qd3+ 0-1

[Event "Benidorm 2014 - Nuevas Generaciones s16"]
[Site "Benidorm ESP"]
[Date "2014.12.07"]
[Round "4.3"]
[White "Guerrero Mendez, Luis"]
[Black "Perez Garcia, Adria"]
[Result "0-1"]
[WhiteElo "1648"]
[BlackElo "1624"]
[PlyCount "94"]
[EventDate "2014.12.05"]
[EventType "swiss"]
[EventRounds "6"]
[EventCountry "ESP"]
[SourceTitle "AjedrezenMadrid"]
[Source "lmi"]
[SourceDate "2014.12.05"]

1. e4 c6 2. Nf3 d5 3. Nc3 Bg4 4. h3 Bxf3 5. Qxf3 Nf6 6. e5 Nfd7 7. d4 e6 8. Ne2
c5 9. c3 Nc6 10. a3 Qb6 11. Qd3 Na5 12. b4 cxb4 13. cxb4 Nc4 14. Nc3 a5 15. b5
Rc8 16. Be2 Be7 17. O-O O-O 18. a4 Rc7 19. Nd1 Rfc8 20. Ne3 f6 21. exf6 Bxf6
22. Rd1 Nf8 23. Ng4 Be7 24. Bf4 Bd6 25. Bxd6 Nxd6 26. Ne5 Rc3 27. Qd2 Rc2 28.
Qe1 Nf5 29. Nf3 R2c3 30. g4 Nd6 31. Kg2 Ne4 32. Ne5 Rc2 33. f3 Nc3 34. Rd2 Rxd2
35. Qxd2 Nxe2 36. Qxe2 Qxd4 37. Ra2 Rc1 38. Kg3 Qg1+ 39. Kf4 Re1 40. Qd2 g5+
41. Kxg5 Rxe5+ 42. Kf6 Qe3 43. f4 Qxd2 44. Rxd2 Re4 45. f5 exf5 46. gxf5 Nd7+
47. Kg5 Kg7 0-1

[Event "Benidorm 2014 - Nuevas Generaciones s16"]
[Site "Benidorm ESP"]
[Date "2014.12.07"]
[Round "4.5"]
[White "Llados Clos, Jaume"]
[Black "Diaz Herrero, Ane Miren"]
[Result "1-0"]
[WhiteElo "1619"]
[BlackElo "1338"]
[PlyCount "85"]
[EventDate "2014.12.05"]
[EventType "swiss"]
[EventRounds "6"]
[EventCountry "ESP"]
[SourceTitle "AjedrezenMadrid"]
[Source "lmi"]
[SourceDate "2014.12.05"]

1. e4 e5 2. Nf3 Nc6 3. Bb5 a6 4. Bxc6 dxc6 5. d4 exd4 6. Qxd4 Qxd4 7. Nxd4 Bc5
8. Be3 Nf6 9. f3 Bd7 10. Nc3 O-O-O 11. O-O-O Bb4 12. Nce2 h6 13. Nf4 g5 14. Nd3
Ba5 15. Ne5 Rhf8 16. h4 gxh4 17. Rxh4 Be6 18. Rxh6 Ng8 19. Nxe6 Nxh6 20. Nxf8
f6 21. Rxd8+ Kxd8 22. Bxh6 fxe5 23. Ng6 Be1 24. Nxe5 Bg3 25. f4 Ke7 26. Kd2 Kd6
27. Bg5 Ke6 28. Ke2 c5 29. Nd3 b6 30. c4 Kf7 31. Kf3 Bh2 32. g4 Bg1 33. Nf2
Bxf2 34. Kxf2 c6 35. e5 b5 36. f5 a5 37. a4 bxa4 38. e6+ Ke8 39. f6 Kf8 40. f7
a3 41. bxa3 a4 42. Bh6+ Ke7 43. f8=Q+ 1-0

[Event "Benidorm 2014 - Nuevas Generaciones s16"]
[Site "Benidorm ESP"]
[Date "2014.12.07"]
[Round "5.1"]
[White "Garriga Cazorla, Pere"]
[Black "Gimeno Simo, Sergio"]
[Result "1-0"]
[WhiteElo "2383"]
[BlackElo "1730"]
[PlyCount "57"]
[EventDate "2014.12.05"]
[EventType "swiss"]
[EventRounds "6"]
[EventCountry "ESP"]
[SourceTitle "AjedrezenMadrid"]
[Source "lmi"]
[SourceDate "2014.12.05"]

1. Nf3 d5 2. g3 Nf6 3. Bg2 Bg4 4. c4 e6 5. Nc3 c6 6. cxd5 cxd5 7. Ne5 Bf5 8. g4
Bg6 9. h4 h6 10. Nxg6 fxg6 11. g5 hxg5 12. hxg5 Rxh1+ 13. Bxh1 Nfd7 14. d4 Nc6
15. Qd3 Ne7 16. e4 Nb6 17. a4 Qd6 18. a5 Qh2 19. Bf3 Nd7 20. exd5 exd5 21. Nxd5
Nxd5 22. Qxg6+ Kd8 23. Bxd5 Kc7 24. Qf7 Bb4+ 25. Ke2 Bd6 26. Be6 Rd8 27. Be3
Kc8 28. Rc1+ Kb8 29. Bxd7 1-0

[Event "Benidorm 2014 - Nuevas Generaciones s16"]
[Site "Benidorm ESP"]
[Date "2014.12.07"]
[Round "5.2"]
[White "Perez Garcia, Adria"]
[Black "Rodriguez Bou, Pedro"]
[Result "1-0"]
[WhiteElo "1624"]
[BlackElo "1377"]
[PlyCount "77"]
[EventDate "2014.12.05"]
[EventType "swiss"]
[EventRounds "6"]
[EventCountry "ESP"]
[SourceTitle "AjedrezenMadrid"]
[Source "lmi"]
[SourceDate "2014.12.05"]

1. e4 c5 2. c3 g6 3. d4 cxd4 4. cxd4 e6 5. Nc3 Ne7 6. Nf3 Bg7 7. Be3 b6 8. Rc1
Ba6 9. Bxa6 Nxa6 10. Nb5 O-O 11. Qa4 Nb8 12. Nc7 Nbc6 13. Nxa8 Qxa8 14. O-O d5
15. e5 Rc8 16. Qd1 Qb7 17. Qd2 Nf5 18. Rc2 Nxe3 19. Qxe3 h6 20. Rfc1 Ne7 21.
Rxc8+ Nxc8 22. Qc3 Ne7 23. Qc7 Qxc7 24. Rxc7 Kf8 25. Rxa7 Nc6 26. Rb7 Nb4 27.
a3 Nc2 28. Rxb6 g5 29. Rc6 Nxd4 30. Nxd4 Bxe5 31. Nb5 Bxb2 32. Rc2 Bf6 33. a4
Bd8 34. Kf1 Ke7 35. Ke2 Kd7 36. Na7 Bf6 37. a5 Kd6 38. a6 Bd4 39. Nb5+ 1-0

[Event "Benidorm 2014 - Nuevas Generaciones s16"]
[Site "Benidorm ESP"]
[Date "2014.12.07"]
[Round "5.3"]
[White "Llados Clos, Jaume"]
[Black "Dominguez Fernandez, Angel I"]
[Result "0-1"]
[WhiteElo "1619"]
[BlackElo "1944"]
[PlyCount "104"]
[EventDate "2014.12.05"]
[EventType "swiss"]
[EventRounds "6"]
[EventCountry "ESP"]
[SourceTitle "AjedrezenMadrid"]
[Source "lmi"]
[SourceDate "2014.12.05"]

1. e4 e6 2. d4 d5 3. Nd2 Nc6 4. Ngf3 Nf6 5. e5 Nd7 6. c3 f6 7. exf6 Qxf6 8. Nb3
Bd6 9. Bg5 Qf7 10. Be2 O-O 11. O-O e5 12. dxe5 Ncxe5 13. Nbd2 Qg6 14. Nxe5 Nxe5
15. Bh4 c6 16. Nf3 Ng4 17. Qd4 Rf4 18. Qd3 Bf5 19. Qd2 Nxh2 20. Bg3 Nxf1 21.
Bxf1 Rxf3 22. Bxd6 Qxd6 23. gxf3 Qg6+ 24. Kh2 Qh5+ 25. Kg1 Qxf3 26. Re1 Be4 27.
Kh2 Rf8 28. Rxe4 dxe4 29. Kg1 h6 30. Qd4 e3 31. Qxe3 Qxe3 32. fxe3 g5 33. Kg2
Kg7 34. Be2 Kf6 35. e4 Ke5 36. Bh5 Kxe4 37. Kg3 c5 38. Bg6+ Ke3 39. Kg4 Rf4+
40. Kg3 b6 41. a3 a5 42. Be8 Rf2 43. b3 Rc2 44. c4 Kd4 45. Kg4 Ra2 46. a4 Ra3
47. Kh5 Rxb3 48. Kxh6 g4 49. Kh5 g3 50. Bc6 Ra3 51. Kh4 Kxc4 52. Kh3 Kb4 0-1

[Event "Benidorm 2014 - Nuevas Generaciones s16"]
[Site "Benidorm ESP"]
[Date "2014.12.07"]
[Round "5.4"]
[White "Catala Ulied, Bernat"]
[Black "Guerrero Mendez, Luis"]
[Result "0-1"]
[WhiteElo "1351"]
[BlackElo "1648"]
[PlyCount "102"]
[EventDate "2014.12.05"]
[EventType "swiss"]
[EventRounds "6"]
[EventCountry "ESP"]
[SourceTitle "AjedrezenMadrid"]
[Source "lmi"]
[SourceDate "2014.12.05"]

1. c4 e5 2. g3 g6 3. Bg2 Bg7 4. Nc3 Nc6 5. e3 f5 6. Nge2 Nf6 7. d4 exd4 8. exd4
O-O 9. O-O d6 10. Bf4 h6 11. h4 Nh7 12. Be3 g5 13. hxg5 hxg5 14. Rc1 Ne7 15.
Nd5 Ng6 16. Qd3 c6 17. Ndc3 Qe8 18. b4 Rf6 19. d5 Ne5 20. Qd1 Nxc4 21. Bd4 Rf7
22. Bxg7 Rxg7 23. dxc6 bxc6 24. b5 Bb7 25. bxc6 Bxc6 26. Bd5+ Kh8 27. Bxc4 Nf6
28. Qxd6 Bf3 29. g4 Nxg4 30. Bd5 Rd8 31. Qg3 Bxd5 32. Nxd5 Qxe2 33. Qh3+ Rh7
34. Qc3+ Qe5 35. Qxe5+ Nxe5 36. Ne3 f4 37. Nf5 Rf7 38. Nh6 Rf6 39. Rc5 Nf3+ 40.
Kg2 Nh4+ 41. Kh3 Rxh6 42. Kg4 Rg6 43. Rxg5 Rd5 44. Rxg6 Nxg6 45. Rh1+ Kg7 46.
Rh5 Rxh5 47. Kxh5 Kf6 48. Kg4 Ke5 49. f3 Kd4 50. Kf5 Ke3 51. Kg4 Ne5+ 0-1

[Event "Benidorm 2014 - Nuevas Generaciones s16"]
[Site "Benidorm ESP"]
[Date "2014.12.08"]
[Round "6.1"]
[White "Perez Garcia, Adria"]
[Black "Garriga Cazorla, Pere"]
[Result "0-1"]
[WhiteElo "1624"]
[BlackElo "2383"]
[PlyCount "82"]
[EventDate "2014.12.05"]
[EventType "swiss"]
[EventRounds "6"]
[EventCountry "ESP"]
[SourceTitle "AjedrezenMadrid"]
[Source "lmi"]
[SourceDate "2014.12.05"]

1. e4 c5 2. c3 Nf6 3. e5 Nd5 4. d4 cxd4 5. cxd4 d6 6. Nf3 Nc6 7. Bc4 Nb6 8. Bb5
a6 9. Bxc6+ bxc6 10. O-O e6 11. Qc2 Bb7 12. Be3 c5 13. dxc5 dxc5 14. Nc3 Bxf3
15. gxf3 Be7 16. Na4 Nd5 17. Nxc5 O-O 18. Ne4 Qa5 19. Bd2 Qb6 20. Rac1 h6 21.
Nc3 Rfd8 22. Nxd5 exd5 23. Rfd1 Rab8 24. b3 Ba3 25. Rb1 Qe6 26. Bf4 Rbc8 27.
Qd3 a5 28. Rd2 Bc1 29. Kh1 Bxd2 30. Qxd2 Qf5 31. Rc1 Rxc1+ 32. Qxc1 g5 33. Bg3
Qxf3+ 34. Kg1 Qf5 35. h4 d4 36. hxg5 hxg5 37. Qd2 d3 38. a3 Rc8 39. Kg2 Kh7 40.
Qxa5 Qe4+ 41. Kh2 Rc1 0-1

[Event "Benidorm 2014 - Nuevas Generaciones s16"]
[Site "Benidorm ESP"]
[Date "2014.12.08"]
[Round "6.2"]
[White "Dominguez Fernandez, Angel I"]
[Black "Guerrero Mendez, Luis"]
[Result "1-0"]
[WhiteElo "1944"]
[BlackElo "1648"]
[PlyCount "63"]
[EventDate "2014.12.05"]
[EventType "swiss"]
[EventRounds "6"]
[EventCountry "ESP"]
[SourceTitle "AjedrezenMadrid"]
[Source "lmi"]
[SourceDate "2014.12.05"]

1. e4 e6 2. Nf3 d5 3. Nc3 dxe4 4. Nxe4 Bd7 5. d4 Bc6 6. Bd3 Nd7 7. Qe2 Ngf6 8.
Ng3 Bxf3 9. Qxf3 Qc8 10. Ne4 Be7 11. Nxf6+ Nxf6 12. Bd2 c6 13. Qg3 O-O 14.
O-O-O c5 15. dxc5 Qxc5 16. Bc3 Rad8 17. Rhe1 Rd5 18. f4 Rfd8 19. Qf3 b5 20. a3
Qc7 21. g4 a5 22. g5 Nd7 23. Bxh7+ Kxh7 24. Rxd5 b4 25. g6+ Kg8 26. Qh3 Qxf4+
27. Bd2 Qh4 28. gxf7+ Kf8 29. Qxe6 bxa3 30. Rxd7 Rxd7 31. Qxd7 a2 32. Qe8# 1-0